000 00361 a2200169 4500
001 187310
020 _a85-322-5067-X
040 _cMagnum
100 _aMachado, Ana Maria
240 1 0 _aO barbeiro e o coronel
_lpor
245 1 0 _aO barbeiro e o coronel
300 _a29
362 0 _a2003
440 1 _aFTD
697 _aLITERATURA INFANTO
942 _cBK
999 _c187310
_d187310